000 01215nam a22002657a 4500
005 20170124103214.0
010 _aB-185251
020 _c350.00
_a8188684449
035 _aB-185251
037 _bCen Lib/Ret
040 _aDPL
_bHN
082 _a370.11
_bअस्थाना
100 _aअस्थाना, ईश्वर शरण
_980571
245 _aशिक्षा :
_cईश्वर शरण अस्थाना
_bदशा एवं दिशा /
246 _aShiksha : dasha evam disha /
_bby Ishawar Sharan Asthana
260 _aदिल्ली
_bअकादमिक एक्सेलेन्स
_c2005
270 _a42, एकता अपार्टमेंट, गीता कॉलोनी
_bदिल्ली
_e110031
300 _a129पृ.
_c21सेमी(सजिल्द)
500 _aअनुक्रमणिका शामिल
650 _aशिक्षा और बालक
_95185
650 _aवर्तमान भारत और शिक्षा
_984811
650 _aEducation and child
_997144
650 _aPresent, India and Education
_997145
942 _2ddc
_cHN
_h370.11
_mअस्थाना
999 _c121409
_d121409